000 00581nam a22001937a 4500
005 20170825143339.0
010 _aENG-120117
020 _a8189435329
_c200.00
035 _aEN-103649
037 _bDBAD/PUB
082 _a881
100 _aBhatnagar, Rashmi
245 _aThe mind and the art of john Tranter/
_c by Rashmi Bhatnagar
260 _aAjmer
_bChhavi Publications
_c2016
270 _a59, Kutchery Road,
_bAjmer
_e305001
300 _a170p.
_c22cm(pbk)
500 _a Includes bibliographical references and index
942 _2ddc
_cEN
_h881
_mBHA
999 _c143832
_d143832